Normal view
MARC view
Entry Topical Term
001 - CONTROL NUMBER
- control field: 65807
003 - CONTROL NUMBER IDENTIFIER
- control field: OSt
005 - DATE AND TIME OF LATEST TRANSACTION
- control field: 20260128092849.0
008 - FIXED-LENGTH DATA ELEMENTS
- fixed length control field: 260128|| aca||aabn | a|a d
040 ## - CATALOGING SOURCE
- Original cataloging agency: OSt
- Transcribing agency: OSt
150 ## - HEADING--TOPICAL TERM
- Topical term or geographic name entry element: လၵ်ႈႁွမ်တွၼ် (article)
670 ## - SOURCE DATA FOUND
- Source citation: Work cat.: (OSt)6269: ၶၢဝ်းတၢင်းႁဝ်းသိပ်းပီ, 2000